NFL Most Passing TDs In a Career - Statistics

General Stats
  • This quiz has been taken 419 times
  • The average score is 10 of 15
Answer Stats
Hint Answer % Correct
428 Tom Brady
98%
539 Peyton Manning
96%
294 Eli Manning
95%
428 Drew Brees
93%
508 Brett Farve
83%
273 Joe Montana
78%
420 Dan Marino
77%
281 Philip Rivers
68%
272 Ben Roethlisberger
63%
300 John Elway
62%
290 Johnny Unitas
45%
291 Warren Moon
45%
342 Fran Tarkenton
42%
275 Vinny Testaverde
19%
261 Dave Krieg
6%
No matching quizzes found
Score Distribution
Percent of People with Each Score
Percentile by Number Answered
Your Score History
You have not taken this quiz